01262nam a2200289 a 450000100060000000300080000600500170001400800410003103500190007204000310009104100080012208200220013010000280015224501360018026000510031630000430036750400410041065100520045165100450050365100510054865100440059970000340064394200120067799900170068995201330070695201330083945598BD-RjUL20211209054036.0160727s1949 nyuab 001 0 eng  a(BD-RjUL)45716 aDLCcOTdDLCdBD-RjULbeng aeng 223a342bRAM 1949 aRanney, John C.913958310aMajor foreign powers :bthe governments of Great Britain, France, the Soviet Union and China /cJohn C. Ranney, Gwendolen M. Carter aNew York :bHarcourt, Brace and Company,c1949 axxix, 865 [cxLii] p. :bill. ;c25 cm. aIncludes bibliographical and index). 0aGreat BritainxPolitics and government.9139584 0aFrancexPolitics and government.9139585 0aSoviet UnionxPolitics and government.9139586 0aChinaxPolitics and government.9139587 aCarter, Gwendolen M. 9139588 2ddccBK c45598d45598 00102ddc40708NFICaRUCLbRUCLcStackd1959-09-29eAsia foundationl0o342 RAM 1949r2016-07-27 00:00:00tC-2w2016-07-27yBK 00102ddc40708NFICaRUCLbRUCLcStackd1959-09-29eAsia foundationl0o342 RAM 1949r2016-07-27 00:00:00tC-3w2016-07-27yBK